000 00488nam a2200169 4500
001 121366
003 ES-MaACL
005 20250907063104.0
007 t|
008 070214s1972 sp r ||||1| spa d
100 1 _aPla, Josefina,
_d1909-1999
_992475
245 1 0 _aHermano negro
_b: la esclavitud en el Paraguay /
_cJosefina Pla.
260 _aMadrid :
_bParaninfo,
_c1972.
300 _a273 p. ;
_c22 cm.
852 _aES-MaACL
_jC-43790
_bR.83244
999 _c121366
_d121366